Sinbarba y las gaviotas (Registro nro. 207)
[ vista simple ]
| 000 -CABECERA | |
|---|---|
| Longitud fija campo de control | 00849nam a2200265Ia 4500 |
| 005 - • FECHA Y HORA DE LA ÚLTIMA TRANSACCIÓN | |
| Fecha y hora de la última transacción | 20220316235210.0 |
| 008 - • CÓDIGOS DE INFORMACIÓN DE LONGITUD FIJA | |
| Códigos de información de longitud fija | 121119s1997 sp a 000 j und |
| 020 ## - • NÚMERO INTERNACIONAL NORMALIZADO PARA LIBROS | |
| Número Internacional Normalizado para Libros (ISBN) | 8424623614 |
| 041 0# - • CÓDIGO DE LENGUA | |
| Código de lengua del texto/banda sonora o título independiente | spa |
| 040 ## - FUENTE DE LA CATALOGACIÓN | |
| Centro catalogador de origen | CO-BoRNBP |
| Lengua de catalogación | spa |
| Normas de descripción | rda |
| Centro transcriptor | CO-BoRNBP |
| 084 ## - • Clasificación Local Alfanúmerica PNLB | |
| Número de clasificación | C ALC2 |
| 100 1# - • PUNTO DE ACCESO PRINCIPAL-NOMBRE DE PERSONA | |
| Nombre de persona | Alcántara, Ricardo, |
| Fechas asociadas al nombre | 1946- |
| 245 10 - • TITULO PROPIAMENTE DICHO | |
| Título | Sinbarba y las gaviotas |
| Mención de responsabilidad, etc. | Ricardo Alcántara ; ilustrador, Roser Capdevila |
| 250 ## - • MENCIÓN DE EDICIÓN | |
| Mención de edición | Primera edición |
| 264 #1 - PRODUCCIÓN, PUBLICACIÓN , DISTRIBUCIÓN, FABRICACIÓN Y COPYRIGHT | |
| Lugar de producción, publicación, distribución, fabricación | Barcelona |
| Nombre del productor, editor, distribuidor, fabricante | La Galera |
| Fecha de de producción, publicación, distribución, fabricación o copyright | 1997 |
| 300 ## - • DESCRIPCIÓN FÍSICA | |
| Extensión | 16 páginas |
| Otras características físicas | ilustraciones |
| 336 ## - TIPO DE CONTENIDO | |
| Término de tipo de contenido | texto |
| Código de tipo de contenido | txt |
| Fuente | rdacontent |
| 337 ## - TIPO DE MEDIO | |
| Nombre del tipo de medio | sin mediación |
| Código del tipo de medio | n |
| Fuente | rdamedia |
| 338 ## - TIPO DE SOPORTE | |
| Nombre del tipo de soporte | volumen |
| Código del tipo de soporte | nc |
| Fuente | rdacarrier |
| 490 0# - • MENCIÓN DE SERIE | |
| Mención de serie | Los secretos del pirata |
| 650 14 - • PUNTO DE ACCESO ADICIONAL DE MATERIA - TÉRMINO DE MATERIA | |
| Fuente del encabezamiento o término | LEMB |
| Término de materia o nombre geográfico como elemento inicial | Cuentos infantiles uruguayos |
| 650 14 - • PUNTO DE ACCESO ADICIONAL DE MATERIA - TÉRMINO DE MATERIA | |
| Fuente del encabezamiento o término | LEMB |
| Término de materia o nombre geográfico como elemento inicial | Literatura infantil uruguaya |
| 700 1# - • PUNTO DE ACCESO ADICIONAL - NOMBRE DE PERSONA | |
| Nombre de persona | Capdevila, Roser |
| Término indicativo de función | ilustrador |
| 942 ## - ENTRADA DE ELEMENTOS AGREGADOS (KOHA) | |
| Fuente de clasificaión o esquema | |
| Koha [por defecto] tipo de item | Libro Literatura |
| Perdido | Fuente de clasificación o esquema | Estado Físico | No para préstamo | Forma de adquisición | Localización permanente | Localización actual | Localización en estanterías | Fecha adquisición | Préstamos totales | Signatura completa | Código de barras | Fecha última consulta | Número de copia | Fecha del precio de reemplazo | Tipo de item de Koha |
|---|---|---|---|---|---|---|---|---|---|---|---|---|---|---|---|
| Dewey Decimal Classification | Infantil | Biblioteca Pública Cubarral | Biblioteca Pública Cubarral | Sala Infantil | 07/19/2023 | C ALO | CUB00372 | 07/19/2023 | Ej.1 | 07/19/2023 | Libro Literatura | ||||
| Dewey Decimal Classification | Infantil | Biblioteca Pública José Eustasio Rivera - San Martin | Biblioteca Pública José Eustasio Rivera - San Martin | Sala Infantil | 06/29/2023 | C ALC2 | SM00705 | 06/29/2023 | Ej.1 | 06/29/2023 | Libro Literatura | ||||
| Dewey Decimal Classification | Infantil | Biblioteca Pública Puerto López - Jorge Eliecer Gaitán | Biblioteca Pública Puerto López - Jorge Eliecer Gaitán | Sala Infantil | 04/30/2025 | C ALC2 | PLZ00717 | 04/30/2025 | Ej.1 | 04/30/2025 | Libro Literatura | ||||
| Dewey Decimal Classification | Infantil | Biblioteca Pública San Carlos de Guaroa - Eduardo Carranza | Biblioteca Pública San Carlos de Guaroa - Eduardo Carranza | Sala Infantil | 05/17/2023 | C ALC2 | SG00364 | 05/17/2023 | Ej.1 | 05/17/2023 | Libro Literatura | ||||
| Dewey Decimal Classification | Infantil | Biblioteca Pública La Macarena | Biblioteca Pública La Macarena | Sala Infantil | 07/02/2025 | C ALC2 | LM02325 | 07/02/2025 | Ej.1 | 07/02/2025 | Libro Literatura | ||||
| Dewey Decimal Classification | Infantil | Biblioteca Pública Mesetas - Franco lodo Poloxi | Biblioteca Pública Mesetas - Franco lodo Poloxi | Sala Infantil | 07/12/2025 | C ALO | 8424623614 | 07/19/2024 | Ej.1 | 07/28/2025 | Libro Literatura | ||||
| Dewey Decimal Classification | Biblioteca Pública San Juan de Arama - Concepción de Arama | Biblioteca Pública San Juan de Arama - Concepción de Arama | Sala Infantil | 03/02/2026 | C ALC2 | SJA01228 | 03/02/2026 | Ej.1 | 03/02/2026 | Libro Literatura | |||||
| Dewey Decimal Classification | Infantil | Biblioteca Pública San Juanito - Ernesto Maria Peña Romero | Biblioteca Pública San Juanito - Ernesto Maria Peña Romero | Sala Infantil | 01/31/2024 | C ALC2 | SJU00467 | 01/31/2024 | Ej.1 | 01/31/2024 | Libro Literatura |